000 02997nab a22006257a 4500
003 AR-RoUNA
022 _a03282384
040 _aAR-RoUNA
_bspa
041 _aspa
_hspa
044 _aag
110 _98413
_aSecretaria de Ciencia y Técnica.
_bBoletín de la Secretaria
245 _aCiencia y Tecnica
_hNº 8
_bBoletín de la Secretaría
260 _aBuenos Aires :
_bUP,
_c1994
300 _a68. p. :
_bplantas
_bfot. byn.
_c26x 20 cm
505 _tPANORAMA. p. 3
505 _t25 Aniversario de la Universidad Nacional de Misiones. p. 5
505 _aPropuesta de creación de una Comisión Nacional de Biotecnología. p. 7
505 _tPROGRAMAS NACIONALES. p. 8
505 _aPrograma Nacional de Investigación en Tecnología de Alimentos. p. 8
505 _tCONICET. p. 14
505 _aDos institutos del CONICET en Santa Fe. p. 14
505 _aInstituto de Desarrollo y Diseño (INGAR). p.15
505 _aInstituto de Investigaciones en Catálisis y Petroquímica (INCAPE). p. 16
505 _aAcuerdo sobre transferencia de biotecnología. p. 18
505 _aPremio Armado Parodi 1985. p. 20
505 _tCOORDINACIÓN Y PLANIFICACIÓN. p. 23
505 _aInvestigación y Desarrollo para pequeñas y medianas industrias químicas. p. 23
505 _aJornadas de Catálisis. p 23
505 _aReunión internacional sobre polímeros. p. 26
505 _aCurso de capacitación en la gestión y administración de las actividades de ciencia y técnica. p. 28
505 _tINFORMATICA. p. 31
505 _aIX Conferencia de Autoridades Latinoamericanas de Informática. p. 31
505 _aEscuela Superior Latinoamericana de Informática. p. 36
505 _a Informática y Federalismo. p. 36
505 _tCOOPERACIÓN INTERNACIONAL. p. 39
505 _aEncuentro Argentino - Brasileño sobre Biotecnología. p. 39
505 _aDelegación Argentina a la Conferencia de UNESCO. p . 40
505 _aAcuerdo de Cooperación científica INSERM - CONICET. p. 42
505 _tBECAS, CURSOS, REUNIONES CIENTÍFICAS. p. 43
505 _aJoaquín Valdez / Sobre el reciente Premio Nobel de Física. p. 43
505 _aPrimer Seminario sobre Tecnología Apropiada. p. 51
505 _aSeminarios Nacionales Tripartitos. p. 54
505 _aDIVULGACIÓN CIENTÍFICA Y TECNOLÓGICA. p. 56
505 _aBloch, C. Beltramino, S. Quinteros,Z y Torrado, S / El proceso de Salud enfermedad en el primer año de vida. Estudio de una cohorte. p. 56
505 _tDOCUMENTOS. p. 66
505 _aJorge Sabato / El triangulo nos enseña donde estamos. p. 66
650 _aArquitectura
_911395
650 _aCiencia
_911396
773 0 _aBoletín de la Secretaría: Ciencia y Técnica
_dBuenos Aires, Aller Atucha y Asociados. 1988
_gnro.8 (dic-1985), 52.p
_x03265773
856 _uwww.secyt.unlu.edu.ar
908 _aImp
942 _2udc
_cART
945 _aMBP
_d2018-06-12
980 _81
_gMaricel Allasia
_61
_aMaricel Allasia
999 _c12463
_d12463